00506nam a22001937a 450000500170000001000130001702000100003003500130004003700160005304000120006908200110008110000190009224500440011126000370015527000510019230000200024365000210026365000280028420170124110131.0 aA-936130 c00.00 aA-936130 bCen Lib/Ret aDPLbEN aNbMOU aMoulik, Achala aEarth is but a star /cby Achala Moulik bUBS PublishersaNew Delhi c1997 bNew Delhi a5, Ansari Road, Darya Ganje110002 a340p.c21cm(Hb) aIndia -- Fiction aIndic fiction (English)